| 000 | 00817cam a2200253 a 4500 | ||
|---|---|---|---|
| 001 | 15957551 | ||
| 005 | 20180221073235.0 | ||
| 008 | 091023s2010 mdua 001 0 eng | ||
| 010 | _a 2009044841 | ||
| 020 | _a9780876591253 (pbk.) | ||
| 020 | _a087659125X (pbk.) | ||
| 035 | _a(OCoLC)ocn456178447 | ||
| 040 |
_aDLC _cDLC _dIG# _dBTCTA _dYDXCP _dIK2 _dDLC |
||
| 041 | _aeng | ||
| 080 | _a37 ISB | ||
| 082 | _a37 ISB | ||
| 100 | 1 | _a47 | |
| 101 | _aEDU | ||
| 245 | 1 | 0 |
_aEveryday play : _cChristy Isbell ; [illustrations, Chris Wold Dyrud]. |
| 246 | 3 | _aEvery day play | |
| 906 |
_a7 _bcbc _corignew _d1 _eecip _f20 _gy-gencatlg |
||
| 942 |
_2ddc _cBK |
||
| 999 |
_c43059 _d43059 |
||